000 01317nam a2200349 a 4500
001 ebr10494622
003 CaPaEBR
006 m u
007 cr cn|||||||||
008 110323s2011 maua sb 001 0 eng d
010 _z 2011007713
020 _z9781118065679 (cloth)
020 _z9781118092972 (oBook)
020 _z9781118092996 (ePDF)
020 _z9781118092989 (ePub)
020 _z9781118092996 (e-book)
040 _aCaPaEBR
_cCaPaEBR
035 _a(OCoLC)757395627
050 1 4 _aQA274.8
_b.I24 2011eb
082 0 4 _a519.2/2
_222
100 1 _aIbe, Oliver C.
_q(Oliver Chukwudi),
_d1947-
245 1 0 _aFundamentals of stochastic networks
_h[electronic resource] /
_cOliver C. Ibe.
260 _aLowell, Mass. :
_bJohn Wiley & Sons Inc.,
_cc2011.
300 _axii, 295 p. :
_bill.
504 _aIncludes bibliographical references and index.
533 _aElectronic reproduction.
_bPalo Alto, Calif. :
_cebrary,
_d2011.
_nAvailable via World Wide Web.
_nAccess may be limited to ebrary affiliated libraries.
650 0 _aQueuing theory.
650 0 _aStochastic analysis.
655 7 _aElectronic books.
_2local
710 2 _aebrary, Inc.
856 4 0 _uhttp://site.ebrary.com/lib/rucke/Doc?id=10494622
_zAn electronic book accessible through the World Wide Web; click to view
999 _c129920
_d129920